00605 a2200181 4500003000500000005001700005010001600022020003300038040000900071082001600080100001600096245006300112260003900175300003300214505013900247650001400386700002300400Nust20240103143527.0 a 94034444 a0126913935 (acid-free paper) cNust00a005.743,TIT1 aTittel, Ed.10aInternet access essentials /cEd Tittel, Margaret Robbins. aBoston :bAP Professional,cc1995. axxiii, 374 p., map ;c24 cm. aIntroducing the Internet (Page-1), Internet Applications (Page-113), Resource Guide (Page-221), Internet in the Real World (Page-333). 0aInternet.1 aRobbins, Margaret.